• 首页
  • 本馆介绍
  • 公告通知
  • 最新文献
  • 馆藏检索
  • 电子资源
  • 读者导购
  • 参考咨询
  • 我的图书馆
  • 登录
  • 详细信息显示
  • 放入我的书架
  • 预约/预借图书
  • 作者相关作品
  • 分类相关作品
  • 丛书相关作品
  • 出版社相关作品

书目信息

  • 表格格式
  • 工作单格式
  • 卡片格式
题名:
0-3岁婴幼儿心理与优教
    
 
作者: 韩棣华 主编
分册:  
出版信息: 上海   上海科学普及出版社  1999
页数: 312页
开本: 20cm
丛书名:
单 册:
中图分类: B844.12 , G78
科图分类:
主题词: 婴幼儿心理学 , 婴幼儿--早期教育--家庭教育
电子资源:
ISBN: 7-5427-1658-1
000 00669nam0 2200229 450
001 1539246219
005 20150201105416.18
010    @a7-5427-1658-1@dCNY13.00
100    @a20021005d1999 em y0chiy0110 ea
101 0  @achi
102    @aCN@b310000
105    @af z 000yy
200 1  @a0-3岁婴幼儿心理与优教@90-3 sui ying you er xin li yu you jiao@f韩棣华主编
210    @a上海@c上海科学普及出版社@d1999
215    @a312页@c彩照@d20cm
606 0  @a婴幼儿心理学
606 0  @a婴幼儿@x早期教育@x家庭教育
690    @aB844.12@v5
690    @aG78@v5
701  0 @a韩棣华@9han di hua@c(女,@f1926~)@4主编
801  0 @aCN@bTSSF@c20150201
905    @aZUCC@dB844.12@eJY14
    
    0-3岁婴幼儿心理与优教/韩棣华主编.-上海:上海科学普及出版社,1999
    312页:彩照;20cm
    
    
    ISBN 7-5427-1658-1:CNY13.00
    
●
相关链接 在E读中查询图书 在五车中查询图书 在当当中查询图书 在豆瓣中查询图书


正题名:0-3岁婴幼儿心理与优教     索取号:B844.12/JY14         预约/预借

序号 登录号 条形码 馆藏地/架位号 状态 备注
1 7857363   278573633   学院路分馆/ [索取号:B844.12/JY14] 在馆    
唐山师范学院图书馆 欢迎您!
大连网信软件有限公司© 版权所有